[Event "POL-ch U12 Girls"]
[Site "Uniejow"]
[Date "2021.07.20"]
[Round "2"]
[White "Swiderska, Jagoda"]
[Black "Oszutowska, Anna"]
[Result "1/2-1/2"]
[WhiteElo "1127"]
[BlackElo "1219"]
[PlyCount "76"]
[EventDate "2021.07.18"]
[EventType "swiss"]
[EventRounds "9"]
[EventCountry "POL"]
[SourceTitle "EXT 2022"]
[Source "ChessBase"]
[SourceDate "2021.10.06"]
[SourceVersion "1"]
[SourceVersionDate "2021.10.06"]
[SourceQuality "1"]

1. e4 c6 2. d4 d5 3. e5 Bf5 4. h4 h5 5. Bd3 Bxd3 6. Qxd3 e6 7. f4 Ne7 8. Ne2 Nf5 9. Ng3 Nxg3 10. Qxg3 Qb6 11. c3 g6 12. Qf2 c5 13. Be3 Nd7 14. Na3 c4 15. 0-0 Bxa3 16. bxa3 Qa5 17. Qb2 Qb6 18. Qc2 Qa6 19. Rf3 b5 20. Rb1 Rb8 21. Bc1 Rb6 22. Rh3 Qb7 23. Qe2 a5 24. g4 hxg4 25. Qxg4 b4 26. a4 b3 27. axb3 Rxb3 28. Rxb3 Qxb3 29. Qe2 Qxa4 30. f5 exf5 31. e6 Nb6 32. exf7+ Kxf7 33. h5 Rxh5 34. Rxh5 gxh5 35. Qxh5+ Ke7 36. Bg5+ Kd6 37. Bf4+ Kc6 38. Qh6+ Kb5 1/2-1/2

[Event "POL-ch rapid (Women)"]
[Site "Bydgoszcz"]
[Date "2020.12.13"]
[Round "5"]
[White "Oszutowska, Anna"]
[Black "Zapalowska, Wiktoria"]
[Result "0-1"]
[WhiteElo "1167"]
[BlackElo "1206"]
[PlyCount "66"]
[EventDate "2020.12.13"]
[EventType "swiss (rapid)"]
[EventRounds "9"]
[EventCountry "POL"]
[SourceTitle "CBM 199 Extra"]
[Source "ChessBase"]
[SourceDate "2021.01.31"]
[SourceVersion "1"]
[SourceVersionDate "2021.01.31"]
[SourceQuality "1"]

1. e4 c5 2. Nf3 e6 3. d4 cxd4 4. Nxd4 Nc6 5. c4 Qc7 6. Nc3 a6 7. f3 Nf6 8. Be2 Bb4 9. Nxc6 bxc6 10. Bd2 0-0 11. a3 Be7 12. 0-0 Bb7 13. Kh1 Rfd8 14. Be3 d5 15. cxd5 cxd5 16. exd5 Nxd5 17. Nxd5 Rxd5 18. Qc1 Rc8 19. Qxc7 Rxc7 20. Rac1 Rcd7 21. Rfd1 h6 22. h3 Bf6 23. Rxd5 Rxd5 24. Rc7 Re5 25. Bd4 Rxe2 26. Bxf6 Bd5 27. Bc3 Rc2 28. Ra7 Bc4 29. Ra8+ Kh7 30. Ra7 Kg6 31. Ra8 Bf1 32. f4 Bxg2+ 33. Kg1 Bxa8 0-1

[Event "POL-ch blitz (Women)"]
[Site "Bydgoszcz"]
[Date "2020.12.12"]
[Round "6"]
[White "Oszutowska, Anna"]
[Black "Karkowska, Ewa"]
[Result "0-1"]
[WhiteElo "1167"]
[BlackElo "1389"]
[PlyCount "26"]
[EventDate "2020.12.12"]
[EventType "swiss (blitz)"]
[EventRounds "11"]
[EventCountry "POL"]
[SourceTitle "CBM 199 Extra"]
[Source "ChessBase"]
[SourceDate "2021.01.31"]
[SourceVersion "1"]
[SourceVersionDate "2021.01.31"]
[SourceQuality "1"]

1. e4 e5 2. Nf3 Nf6 3. Nxe5 Nc6 4. Nxc6 dxc6 5. Nc3 Bc5 6. Be2 h5 7. d3 Ng4 8. d4 Bxd4 9. 0-0 Qh4 10. Bxg4 hxg4 11. h3 gxh3 12. g3 Qxg3+ 13. Kh1 Qg2# 0-1

[Event "POL-ch blitz (Women)"]
[Site "Bydgoszcz"]
[Date "2020.12.12"]
[Round "4"]
[White "Oszutowska, Anna"]
[Black "Retz, Agnieszka"]
[Result "0-1"]
[WhiteElo "1167"]
[BlackElo "1193"]
[PlyCount "105"]
[EventDate "2020.12.12"]
[EventType "swiss (blitz)"]
[EventRounds "11"]
[EventCountry "POL"]
[SourceTitle "CBM 199 Extra"]
[Source "ChessBase"]
[SourceDate "2021.01.31"]
[SourceVersion "1"]
[SourceVersionDate "2021.01.31"]
[SourceQuality "1"]

1. e4 c5 2. Nf3 e6 3. d4 cxd4 4. Nxd4 Qc7 5. c4 a6 6. Nc3 Nc6 7. Be3 Nf6 8. f3 Bb4 9. Qb3 0-0 10. Nxc6 Bxc3+ 11. Qxc3 Qxc6 12. Bd4 Ne8 13. Bd3 d5 14. b3 b6 15. g4 Bb7 16. h4 h6 17. g5 hxg5 18. hxg5 f5 19. gxf6 Nxf6 20. Rg1 Rf7 21. Bxf6 e5 22. Bxe5 Qh6 23. exd5 Re8 24. Kf2 Qh4+ 25. Bg3 Qh6 26. Rg2 Qe3+ 27. Kf1 Qxf3+ 28. Rf2 Qxg3 29. Rxf7 Kxf7 30. Re1 Rxe1+ 31. Qxe1 Qxd3+ 32. Kg1 Qd4+ 33. Kg2 Qb2+ 34. Kg3 Qxa2 35. Qe6+ Kf8 36. Qd6+ Ke8 37. Qb8+ Ke7 38. Qxb7+ Kf6 39. Qxb6+ Ke5 40. Qe6+ Kd4 41. d6 Qxb3+ 42. Kf4 Qb8 43. Kf5 Qf8+ 44. Kg6 Qd8 45. Qe7 Qb6 46. Kxg7 Kxc4 47. d7 Qg1+ 48. Kf8 Qf2+ 49. Ke8 Qb6 50. d8Q Qb5+ 51. Qdd7 Qb8+ 52. Kf7 Qf4+ 53. Qf6 0-1

[Event "POL-ch blitz (Women)"]
[Site "Bydgoszcz"]
[Date "2020.12.12"]
[Round "10"]
[White "Samol, Julia"]
[Black "Oszutowska, Anna"]
[Result "1-0"]
[WhiteElo "1251"]
[BlackElo "1167"]
[PlyCount "123"]
[EventDate "2020.12.12"]
[EventType "swiss (blitz)"]
[EventRounds "11"]
[EventCountry "POL"]
[SourceTitle "CBM 199 Extra"]
[Source "ChessBase"]
[SourceDate "2021.01.31"]
[SourceVersion "1"]
[SourceVersionDate "2021.01.31"]
[SourceQuality "1"]

1. e4 c6 2. d4 d5 3. Nc3 dxe4 4. Nxe4 Bf5 5. Ng3 Bg6 6. h4 h6 7. Nf3 Nd7 8. h5 Bh7 9. Bd3 Bxd3 10. Qxd3 Qc7 11. Bd2 Ngf6 12. 0-0-0 e6 13. Kb1 0-0-0 14. Bc3 c5 15. Qe2 Kb8 16. Ne4 cxd4 17. Nxd4 Nxe4 18. Qxe4 Nf6 19. Qe2 Bc5 20. Nf3 Be7 21. Ne5 Bd6 22. Nc4 Be7 23. Be5 Bd6 24. Bxd6 Rxd6 25. Nxd6 Nd5 26. Nc4 Rc8 27. Rc1 Qxc4 28. Qxc4 Rxc4 29. Rcd1 Rf4 30. f3 Ne3 31. Rd2 Nf5 32. Rhd1 a6 33. Rd8+ Ka7 34. R8d7 Ng3 35. R1d4 Rxd4 36. Rxd4 Nxh5 37. Rd7 f6 38. Re7 e5 39. g4 Nf4 40. Rxg7 h5 41. gxh5 Nxh5 42. Rh7 Nf4 43. Rh6 Nd5 44. Kc1 f5 45. Rh5 Ne3 46. Kd2 f4 47. c3 Kb6 48. Ke2 Nc4 49. Kd3 Nxb2+ 50. Ke4 Nc4 51. Kd5 Kb5 52. a4+ Kxa4 53. Kxc4 b5+ 54. Kd5 b4 55. cxb4 Kxb4 56. Rxe5 a5 57. Ke4 a4 58. Kxf4 a3 59. Re1 Kb3 60. Ke4 Kb2 61. f4 a2 62. f5 1-0